[Event "40th Greek Team Championship 2012"]
[Site "?"]
[Date "2012.07.01"]
[Round "2"]
[White "Pavlidis, A. ."]
[Black "Kamsky, G. ."]
[Result "0-1"]
[WhiteElo "2360"]
[BlackElo "2741"]
[PlyCount "57"]
[EventDate "2012.??.??"]

1. d4 Nf6 2. c4 e6 3. Nf3 b6 4. a3 c6 5. Bg5 d5 6. Nc3 Be7 7. cxd5 exd5 8. e3
O-O 9. Qc2 Nbd7 10. Bd3 Bb7 11. O-O g6 12. Rac1 Re8 13. Qe2 a6 14. h3 c5 15.
dxc5 bxc5 16. Qd1 Qb6 17. Na4 Qa7 18. Be2 Rac8 19. Nc3 Bf8 20. Qd2 Qa8 21. Rfd1
Bg7 22. b4 d4 23. Na4 Ne4 24. Qa2 cxb4 25. Bc4 Nd6 26. Nxd4 Rxc4 27. Rxc4 Bd5
28. Nb2 Bxc4 29. Nxc4 0-1

[Event "40th Greek Team Championship 2012"]
[Site "?"]
[Date "2012.07.01"]
[Round "2"]
[White "Miton, K. ."]
[Black "Polgar, J. ."]
[Result "1/2-1/2"]
[WhiteElo "2622"]
[BlackElo "2709"]
[PlyCount "65"]
[EventDate "2012.??.??"]

1. d4 Nf6 2. c4 g6 3. Nc3 Bg7 4. e4 d6 5. f3 O-O 6. Be3 a6 7. Qd2 Nbd7 8. Nh3
c5 9. Be2 cxd4 10. Bxd4 Ne5 11. Nf2 Be6 12. Nd5 b5 13. cxb5 axb5 14. Nb4 Nc4
15. Bxc4 Bxc4 16. b3 Be6 17. O-O Qa5 18. Rac1 Rfc8 19. Rfe1 Bh6 20. Rxc8+ Rxc8
21. Qxh6 Qxb4 22. Rd1 Ne8 23. Qd2 Qxd2 24. Rxd2 Rc1+ 25. Nd1 Nc7 26. Kf2 f6 27.
Bb2 Rc6 28. Ne3 Na6 29. Rc2 Nc5 30. Ke2 Ra6 31. Bd4 Nd7 32. g4 Kf8 33. h4
1/2-1/2

[Event "40th Greek Team Championship 2012"]
[Site "?"]
[Date "2012.07.01"]
[Round "3"]
[White "Sedlak, N. ."]
[Black "Caruana, F."]
[Result "1/2-1/2"]
[WhiteElo "2556"]
[BlackElo "2770"]
[PlyCount "52"]
[EventDate "2012.??.??"]

1. d4 Nf6 2. Bg5 d5 3. Bxf6 exf6 4. e3 Be7 5. c4 dxc4 6. Bxc4 Nd7 7. Nc3 O-O 8.
Nf3 Nb6 9. Bb3 a5 10. a3 Bd7 11. O-O a4 12. Ba2 Re8 13. h3 Bd6 14. e4 Ra5 15.
Re1 Be6 16. Bxe6 Rxe6 17. Qd3 Bf8 18. Rad1 g6 19. Nd2 Rd6 20. Nc4 Nxc4 21. Qxc4
c6 22. d5 Qb8 23. Qe2 Qe8 24. Qc2 Qa8 25. Qe2 Qe8 26. Qc2 Qa8 1/2-1/2

[Event "Russia - China 2012"]
[Site "?"]
[Date "2012.07.02"]
[Round "1"]
[White "Nepomniachtchi, Ian"]
[Black "Li, Chao"]
[Result "1-0"]
[WhiteElo "2718"]
[BlackElo "2687"]
[PlyCount "113"]
[EventDate "2012.??.??"]

1. d4 d5 2. c4 c6 3. Nc3 Nf6 4. e3 g6 5. Nf3 Bg7 6. h3 O-O 7. Bd3 b6 8. O-O Bb7
9. b4 Nbd7 10. Ba3 e6 11. Rc1 Qe7 12. Qb3 Rfd8 13. Rfe1 dxc4 14. Bxc4 Bf8 15.
e4 b5 16. Bf1 a5 17. Rb1 e5 18. dxe5 Nh5 19. Ne2 axb4 20. Bxb4 c5 21. Bd2 Nxe5
22. Nxe5 Qxe5 23. Bc3 Qg5 24. Qxb5 Bxe4 25. Rbd1 Rd5 26. Qc4 Rad8 27. Rxd5 Bxd5
28. Qg4 Qxg4 29. hxg4 Ng7 30. Bf6 Ra8 31. Nc3 Bxa2 32. Ra1 Ne8 33. Be5 f6 34.
Bc4+ Bxc4 35. Rxa8 Kf7 36. Bf4 g5 37. Be3 Bd3 38. Ra5 c4 39. Bc5 Bxc5 40. Rxc5
Nd6 41. f3 f5 42. gxf5 Nxf5 43. Ne4 Bxe4 44. fxe4 Nd6 45. Rxg5 Nxe4 46. Re5 Nd6
47. Rc5 Kf6 48. Kh2 h5 49. Kh3 Ke6 50. Kh2 Kf6 51. g3 Ke6 52. Kg2 Nf5 53. Kf2
h4 54. g4 Nd6 55. Kg2 Ne4 56. Rxc4 Ng5 57. Rf4 1-0

[Event "Russia - China 2012"]
[Site "?"]
[Date "2012.07.02"]
[Round "1"]
[White "Wang, Yue"]
[Black "Tomashevsky, Evgeny"]
[Result "1-0"]
[WhiteElo "2697"]
[BlackElo "2733"]
[PlyCount "123"]
[EventDate "2012.??.??"]

1. Nf3 d5 2. d4 Nf6 3. c4 c6 4. e3 Bg4 5. h3 Bh5 6. cxd5 Bxf3 7. Qxf3 cxd5 8.
Nc3 Nc6 9. Bd3 e6 10. Bd2 Be7 11. O-O O-O 12. Rac1 Rc8 13. Qe2 Qd7 14. Rfd1
Rfd8 15. Be1 Ne8 16. Nb1 Nd6 17. Nd2 Nb4 18. Bb1 Rxc1 19. Rxc1 Rc8 20. Rxc8+
Qxc8 21. Qd1 g6 22. Nf3 Nc6 23. Bd3 Qc7 24. Qc2 Ne8 25. Ne5 Nxe5 26. dxe5 Qxc2
27. Bxc2 Nc7 28. g4 Na6 29. a3 Nc5 30. Kg2 Nd7 31. Bc3 b5 32. e4 Nb6 33. Bd4
dxe4 34. Bxe4 Nc4 35. Bc6 b4 36. Bb5 Nd2 37. axb4 Bxb4 38. Bxa7 Kg7 39. f4 f5
40. exf6+ Kxf6 41. Bd4+ Ke7 42. Bd3 Kd6 43. Kf2 Nb3 44. Be5+ Ke7 45. Kf3 Nc5
46. Bc2 Nd7 47. Bd4 Kd6 48. Be3 Nf6 49. Ba7 Ke7 50. Bd4 Kf7 51. Be4 Nd7 52. Bc2
Nf6 53. Ba4 h5 54. Bc6 hxg4+ 55. hxg4 Ke7 56. Bc3 Bxc3 57. bxc3 Nh7 58. Be4 Kf6
59. g5+ Kf7 60. c4 e5 61. Bd5+ Ke7 62. Bg8 1-0

[Event "40th Greek Team Championship 2012"]
[Site "?"]
[Date "2012.07.02"]
[Round "4"]
[White "Kempinski, R. ."]
[Black "Caruana, F."]
[Result "1-0"]
[WhiteElo "2606"]
[BlackElo "2770"]
[PlyCount "147"]
[EventDate "2012.??.??"]

1. d4 Nf6 2. c4 e6 3. Nf3 b6 4. g3 Bb4+ 5. Bd2 Be7 6. Bg2 c6 7. O-O d5 8. cxd5
cxd5 9. Ne5 O-O 10. Nc3 Bb7 11. Rc1 Nfd7 12. f4 Nxe5 13. fxe5 Nc6 14. Be3 Rc8
15. h4 Ba6 16. Kh2 f5 17. exf6 Bxf6 18. Qd2 Qd6 19. Bf4 Qd7 20. Be3 Ne7 21. Bh3
Nf5 22. Bxf5 exf5 23. Bg5 Rce8 24. Rf2 f4 25. Bxf4 Rf7 26. Rcf1 Ref8 27. Qe3 h6
28. Be5 Bxe5 29. Rxf7 Rxf7 30. Rxf7 Bxg3+ 31. Kxg3 Qxf7 32. Qe5 Bb7 33. Nb5 Bc8
34. Nc7 Bb7 35. Ne6 Qg6+ 36. Kf2 Bc6 37. Ke3 Qf7 38. Nf4 Kh7 39. Kd2 Kg8 40.
Ne6 Qe7 41. Qb8+ Qe8 42. Qd6 Qd7 43. Qf8+ Kh7 44. Qf5+ Kg8 45. Qf8+ Kh7 46. Nf4
Qg4 47. e3 Bd7 48. Qd6 Bf5 49. Qxd5 Bb1 50. h5 Qc8 51. Qb3 Qg4 52. d5 Qh4 53.
d6 Qh2+ 54. Kc3 Bf5 55. Qd1 Qh4 56. Qd5 Qf6+ 57. Kb3 Bd7 58. a4 a6 59. Ka3 b5
60. axb5 axb5 61. Qe4+ Kg8 62. Qa8+ Kh7 63. Qe4+ Kg8 64. Qd4 Qd8 65. Kb4 Qc8
66. Nd5 Qc1 67. Nb6 Qe1+ 68. Qc3 Qh4+ 69. Ka5 Be6 70. Qe5 Kf7 71. d7 Qe1+ 72.
Kxb5 Qd2 73. Qf4+ Ke7 74. Qh4+ 1-0

[Event "40th Greek Team Championship 2012"]
[Site "?"]
[Date "2012.07.02"]
[Round "4"]
[White "Kamsky, G. ."]
[Black "Kryvoruchko, Y. ."]
[Result "1/2-1/2"]
[WhiteElo "2741"]
[BlackElo "2676"]
[PlyCount "74"]
[EventDate "2012.??.??"]

1. d4 Nf6 2. Nf3 d5 3. c4 e6 4. g3 Be7 5. Bg2 O-O 6. O-O dxc4 7. Qc2 a6 8. a4
Nc6 9. Qxc4 Qd5 10. Nbd2 Rd8 11. e3 Qh5 12. h3 Nd5 13. b3 Ndb4 14. Ba3 Bd7 15.
Qe2 Be8 16. Rfc1 f6 17. Ne4 b6 18. Bxb4 Bxb4 19. g4 Qf7 20. Neg5 Qe7 21. Rxc6
Bxc6 22. Qc2 fxg5 23. Qxc6 Bd6 24. Rc1 Rab8 25. Bf1 a5 26. Nd2 e5 27. d5 e4 28.
Qc4 Qe5 29. Bg2 Rf8 30. Nxe4 Rbe8 31. Kf1 h6 32. Qd3 Re7 33. Qc3 Qh2 34. Qd4
Be5 35. Qd3 Bd6 36. Qd4 Be5 37. Qd3 Bd6 1/2-1/2

[Event "40th Greek Team Championship 2012"]
[Site "?"]
[Date "2012.07.02"]
[Round "4"]
[White "Polgar, J. ."]
[Black "Kapnisis, S. ."]
[Result "1-0"]
[WhiteElo "2709"]
[BlackElo "2480"]
[PlyCount "145"]
[EventDate "2012.??.??"]

1. e4 c5 2. Nf3 d6 3. d4 cxd4 4. Nxd4 Nf6 5. Nc3 g6 6. g3 Nc6 7. Nde2 Bg7 8.
Bg2 O-O 9. O-O Rb8 10. a4 a6 11. h3 b5 12. axb5 axb5 13. Be3 b4 14. Nd5 Nd7 15.
Ra2 e6 16. Ndf4 Nc5 17. b3 Bb7 18. Nd3 Qe7 19. Qd2 Ne5 20. Nxe5 Bxe5 21. f3 f5
22. exf5 gxf5 23. Ra7 Qd8 24. Qxb4 Bxf3 25. Qc4 Bxg2 26. Kxg2 Qc8 27. Bxc5 dxc5
28. Re7 Rf6 29. Rd1 Qc6+ 30. Kf2 f4 31. gxf4 Bxf4 32. Nxf4 Rbf8 33. Ke3 Rxf4
34. Qxf4 Rxf4 35. Kxf4 Kf8 36. Rxh7 e5+ 37. Kxe5 Qe8+ 38. Kf5 Kg8 39. Rdd7 Qe2
40. Rhg7+ Kh8 41. Rge7 Qxc2+ 42. Ke5 Qe2+ 43. Kd6 Qa6+ 44. Kd5 Qd3+ 45. Kc6
Qa6+ 46. Kxc5 Qa5+ 47. Kc4 Qa6+ 48. Kd4 Qa1+ 49. Kd5 Qa5+ 50. Kc4 Qa6+ 51. Kb4
Qb6+ 52. Kc3 Qf6+ 53. Kc2 Qf5+ 54. Kc1 Qg5+ 55. Kd1 Qh5+ 56. Ke1 Qh4+ 57. Kd2
Qf2+ 58. Re2 Qf4+ 59. Kc2 Qf5+ 60. Rd3 Kg7 61. Red2 Qc5+ 62. Kb2 Qe5+ 63. Rd4
Kh7 64. b4 Kg7 65. h4 Kh7 66. R2d3 Qe2+ 67. Kb3 Qe1 68. b5 Qb1+ 69. Ka4 Qa2+
70. Kb4 Qb2+ 71. Kc5 Qc1+ 72. Kb6 Qg1 73. Kb7 1-0

[Event "7th Edmonton International"]
[Site "Edmonton - Canada"]
[Date "2012.07.01"]
[Round "8"]
[White "Short, Nigel"]
[Black "Kovalyov, Anton"]
[Result "1/2-1/2"]
[WhiteElo "2705"]
[BlackElo "2619"]
[PlyCount "92"]
[EventDate "2012.??.??"]
[TimeControl "5400"]

1. d4 Nf6 2. Nf3 e6 3. Bg5 c5 4. e3 Be7 5. dxc5 Qa5+ 6. Nc3 Qxc5 7. Qd4 Qxd4 8.
exd4 Bb4 9. Bd3 Nd5 10. Bd2 Nxc3 11. bxc3 Ba5 12. c4 Bxd2+ 13. Kxd2 d6 14. a4
h6 15. a5 Kd8 16. Rhe1 Nd7 17. Kc3 Kc7 18. Nd2 Nf6 19. Ne4 Nxe4+ 20. Bxe4 Rb8
21. f4 Bd7 22. h4 Rhe8 23. Bf3 Bc6 24. d5 exd5 25. cxd5 Rxe1 26. Rxe1 Re8 27.
Ra1 Bd7 28. Kd4 h5 29. c4 Bg4 30. Be4 g6 31. g3 Bf5 32. Bf3 Kd7 33. Ra3 Bg4 34.
Bxg4+ hxg4 35. Rb3 Kc7 36. c5 f5 37. cxd6+ Kxd6 38. Rxb7 Re4+ 39. Kd3 Ra4 40.
Rxa7 Kxd5 41. a6 Ra3+ 42. Kc2 Ke4 43. Re7+ Kf3 44. a7 Ra6 45. Kb2 Kg2 46. Rc7
Kh3 1/2-1/2

[Event "Russia - China 2012"]
[Site "?"]
[Date "2012.07.03"]
[Round "2"]
[White "Li, Chao"]
[Black "Vitiugov, Nikita"]
[Result "1/2-1/2"]
[WhiteElo "2687"]
[BlackElo "2703"]
[PlyCount "181"]
[EventDate "2012.??.??"]

1. d4 Nf6 2. c4 e6 3. g3 Bb4+ 4. Bd2 Be7 5. Bg2 d5 6. Nf3 c6 7. O-O O-O 8. Nc3
dxc4 9. a4 c5 10. dxc5 Nc6 11. Bg5 Bxc5 12. Nd2 Na5 13. Nde4 Be7 14. Nxf6+ Bxf6
15. Bxf6 Qxf6 16. Qd6 Qd8 17. Qb4 a6 18. Rad1 Qc7 19. Rd6 Rb8 20. Rb6 Nb3 21.
Rd1 h6 22. a5 Qc5 23. Qxc5 Nxc5 24. Rd4 Nd7 25. Rbd6 b5 26. Rc6 Bb7 27. Rc7
Bxg2 28. Rdxd7 Ba8 29. f3 b4 30. Na4 Rb5 31. Rxc4 Rxa5 32. Nb6 Rb5 33. Nc8 Rb8
34. Nd6 Rbd8 35. Rcc7 Rxd7 36. Rxd7 Bc6 37. Rc7 Bb5 38. e4 Rd8 39. e5 f6 40. f4
fxe5 41. fxe5 Bd3 42. Kf2 Ra8 43. Ke3 Bf1 44. Rc1 Bg2 45. Kd4 a5 46. Kc5 Rf8
47. Ra1 Rf2 48. Rxa5 Rxb2 49. Nc4 Re2 50. Kxb4 Bh3 51. Kc5 Rxh2 52. Kd6 Rg2 53.
Ra3 Kf7 54. Kd7 Bg4 55. Nd6+ Kg6 56. Ke7 Re2 57. Nf7 Rc2 58. Nd8 Rc5 59. Re3
Ra5 60. Nc6 Ra6 61. Nd4 Ra7+ 62. Kd6 Ra4 63. Nc6 Kg5 64. Nd8 Ra6+ 65. Ke7 Bf5
66. Nf7+ Kg6 67. Nd6 Ra7+ 68. Kf8 Bh3 69. Rf3 Ra8+ 70. Ke7 Ra7+ 71. Kf8 Ra8+
72. Ke7 Ra5 73. Re3 Ra7+ 74. Kf8 Ra8+ 75. Ke7 Ra7+ 76. Kf8 Bg2 77. Rd3 Bd5 78.
Rd4 Ra8+ 79. Ke7 Ra7+ 80. Kf8 h5 81. Rd3 Ra8+ 82. Ke7 Kg5 83. Ne8 Ra7+ 84. Kd6
Kg4 85. Nc7 Ba2 86. Ne8 Ra8 87. Ke7 g5 88. Ng7 Ra6 89. Kf6 h4 90. gxh4 Kxh4 91.
Rd6 1/2-1/2

[Event "40th Greek Team Championship 2012"]
[Site "?"]
[Date "2012.07.03"]
[Round "5"]
[White "Caruana, F. ."]
[Black "Macieja, B. ."]
[Result "1-0"]
[WhiteElo "2770"]
[BlackElo "2614"]
[PlyCount "65"]
[EventDate "2012.??.??"]

1. e4 c5 2. Nf3 e6 3. d4 cxd4 4. Nxd4 Nc6 5. Nc3 Qc7 6. Be3 a6 7. Qd2 Nf6 8.
O-O-O Be7 9. f3 O-O 10. g4 b5 11. g5 Nh5 12. Kb1 Nxd4 13. Qxd4 g6 14. Qd2 Rd8
15. Qf2 Rb8 16. Bd3 d5 17. exd5 b4 18. d6 Rxd6 19. Ne4 Rd7 20. Rhe1 Bb7 21. Bb6
Qf4 22. h4 Rc8 23. b3 Bf8 24. Bd4 Rcd8 25. Bf6 Be7 26. Bxe7 Rxe7 27. Qb6 Red7
28. Nc5 Bxf3 29. Nxd7 Rxd7 30. Rf1 Qg3 31. Rd2 e5 32. Qxb4 Bg4 33. Bc4 1-0

[Event "40th Greek Team Championship 2012"]
[Site "?"]
[Date "2012.07.03"]
[Round "5"]
[White "Papadopoulos, I. ."]
[Black "Kamsky, G. ."]
[Result "1/2-1/2"]
[WhiteElo "2417"]
[BlackElo "2741"]
[PlyCount "118"]
[EventDate "2012.??.??"]

1. e4 e5 2. Nf3 Nc6 3. Bb5 a6 4. Ba4 Nf6 5. O-O Be7 6. Bxc6 dxc6 7. d3 Nd7 8.
a4 a5 9. Nbd2 c5 10. Nc4 Bd6 11. b3 O-O 12. Bb2 f6 13. Nfd2 b6 14. Nxd6 cxd6
15. Nc4 Nb8 16. f4 Nc6 17. Ne3 Ra7 18. c4 Raf7 19. Rf2 f5 20. exf5 Bxf5 21.
fxe5 dxe5 22. Nxf5 Rxf5 23. Rxf5 Rxf5 24. Qe2 h5 25. h3 Qh4 26. Rf1 Rxf1+ 27.
Kxf1 Qf6+ 28. Ke1 Qf5 29. g4 hxg4 30. hxg4 Qf4 31. Kd1 Kf7 32. Qg2 Qf6 33. Qd5+
Ke7 34. Ke2 Qg6 35. Qf3 Qh6 36. Kd1 Qf6 37. Qg2 Kd6 38. Bc3 Qf4 39. Qd5+ Kc7
40. Qe6 Qf6 41. Qd5 Qf1+ 42. Kc2 Qe2+ 43. Kc1 Qe3+ 44. Kb2 Qf2+ 45. Ka3 Qf4 46.
Qe6 Qf6 47. Qd5 Qd6 48. Qe4 Qe6 49. Kb2 Kd6 50. Qf3 Qf6 51. Qd5+ Ke7 52. Ka3
Nd4 53. Qb7+ Kf8 54. Qa8+ Kf7 55. Qb7+ Ke8 56. Qb8+ Kf7 57. Qb7+ Kg8 58. Qa8+
Kh7 59. Qh1+ Kg8 1/2-1/2

[Event "40th Greek Team Championship 2012"]
[Site "?"]
[Date "2012.07.03"]
[Round "5"]
[White "Navara, D. ."]
[Black "Kempinski, R. ."]
[Result "1-0"]
[WhiteElo "2706"]
[BlackElo "2606"]
[PlyCount "79"]
[EventDate "2012.??.??"]

1. c4 g6 2. d4 Bg7 3. Nf3 c5 4. e4 d6 5. d5 e6 6. Bd3 exd5 7. cxd5 a6 8. h3 Nd7
9. a4 Ne7 10. O-O O-O 11. Bf4 Nf6 12. Nbd2 Ne8 13. Qb3 Rb8 14. Bxa6 Bxh3 15.
Bb5 Bg4 16. Nc4 Nc8 17. e5 Nb6 18. Nxd6 Nxd6 19. exd6 c4 20. Bxc4 Bxf3 21. gxf3
Qf6 22. Bg3 Nxc4 23. Qxc4 Qxf3 24. Rfe1 f5 25. Ra3 Qh5 26. Qh4 f4 27. Qxh5 gxh5
28. Bh4 Bf6 29. Bxf6 Rxf6 30. d7 Kf7 31. Rb3 b6 32. Re6 Rg8+ 33. Kf1 Rxe6 34.
dxe6+ Kxe6 35. Rd3 Rd8 36. Kg2 Kf5 37. b4 Kg4 38. f3+ Kf5 39. a5 bxa5 40. bxa5
1-0

[Event "Russia - China 2012"]
[Site "?"]
[Date "2012.07.03"]
[Round "2"]
[White "Matlakov, Maxim"]
[Black "Wang, Yue"]
[Result "1/2-1/2"]
[WhiteElo "2668"]
[BlackElo "2697"]
[PlyCount "83"]
[EventDate "2012.??.??"]

1. d4 d5 2. c4 c6 3. Nc3 Nf6 4. Nf3 dxc4 5. a4 Bf5 6. e3 e6 7. Bxc4 Bb4 8. O-O
Nbd7 9. Qe2 Bg6 10. e4 O-O 11. Bd3 Bh5 12. e5 Nd5 13. Nxd5 cxd5 14. Qe3 Be7 15.
Ne1 Bg6 16. f4 Qb6 17. a5 Qc6 18. Bd2 Bxd3 19. Nxd3 f6 20. exf6 Nxf6 21. Rfc1
Qa6 22. Rc7 Rae8 23. Nb4 Bxb4 24. Bxb4 Rf7 25. Rac1 Rxc7 26. Rxc7 Kh8 27. Qe5
Qd3 28. h3 h6 29. Rxb7 Rc8 30. Bc5 Rg8 31. Kh2 Ne4 32. f5 exf5 33. Rxa7 Nd2 34.
Re7 Nf1+ 35. Kg1 Ng3 36. Re6 Kh7 37. a6 f4 38. Qxf4 Qd1+ 39. Kh2 Nf1+ 40. Kg1
Ng3+ 41. Kh2 Nf1+ 42. Kg1 1/2-1/2

[Event "Russia - China 2012"]
[Site "?"]
[Date "2012.07.03"]
[Round "2"]
[White "Yu, Yangyi"]
[Black "Nepomniachtchi, Ian"]
[Result "1/2-1/2"]
[WhiteElo "2656"]
[BlackElo "2718"]
[PlyCount "164"]
[EventDate "2012.??.??"]

1. e4 c5 2. Nf3 e6 3. d4 cxd4 4. Nxd4 Nc6 5. Nc3 Qc7 6. Be3 a6 7. Qd2 Nf6 8.
O-O-O Be7 9. f3 b5 10. Kb1 Bb7 11. g4 Nxd4 12. Bxd4 O-O 13. Bd3 b4 14. Ne2 e5
15. g5 exd4 16. gxf6 Bxf6 17. f4 a5 18. e5 Bh4 19. Nxd4 Bxh1 20. Rxh1 g6 21.
Nf3 Bd8 22. h4 d6 23. h5 Qc6 24. Qh2 Ra7 25. Nd4 Qd5 26. Nb5 Rd7 27. Nxd6 Qf3
28. hxg6 fxg6 29. Bxg6 Rxf4 30. Bxh7+ Kf8 31. Qh6+ Rg7 32. a4 Bg5 33. Qh5 Qxh5
34. Rxh5 Rh4 35. Rxh4 Bxh4 36. Bd3 Bd8 37. Ka2 Bc7 38. Kb3 Rg5 39. Nc4 Rg3 40.
Nd6 Re3 41. Nc4 Rh3 42. Nd6 Rh5 43. Nc4 Rh3 44. Nd6 Re3 45. Nc4 Rg3 46. Nd6 Rg5
47. Nc4 Ke7 48. c3 Rg3 49. Bf5 bxc3 50. bxc3 Rg5 51. Bc8 Rg8 52. Bf5 Rb8+ 53.
Kc2 Rf8 54. Bh3 Rh8 55. Bf5 Rh5 56. Bc8 Rh2+ 57. Kb3 Rh8 58. Bf5 Rh6 59. Bc8
Kd8 60. Bf5 Rc6 61. Bh7 Rc5 62. Bg8 Bxe5 63. Nxe5 Rxe5 64. Bc4 Kc7 65. Bb5 Kd6
66. Kc2 Re3 67. Kd2 Rg3 68. Kc2 Kc5 69. Kd2 Kd5 70. Kc2 Ke4 71. Bc6+ Ke3 72.
Bb5 Rg6 73. Kc1 Rg2 74. Ba6 Rd2 75. Bb5 Ra2 76. Kb1 Rh2 77. Kc1 Rh4 78. Kc2 Rf4
79. Kd1 Rf8 80. Kc2 Rc8 81. Ba6 Rc7 82. Bb5 Rc5 1/2-1/2

[Event "Russia - China 2012"]
[Site "?"]
[Date "2012.07.04"]
[Round "3"]
[White "Jakovenko, Dmitry"]
[Black "Yu, Yangyi"]
[Result "1-0"]
[WhiteElo "2736"]
[BlackElo "2656"]
[PlyCount "65"]
[EventDate "2012.??.??"]

1. d4 Nf6 2. c4 e6 3. Nf3 Bb4+ 4. Bd2 a5 5. Nc3 b6 6. Bg5 Bb7 7. e3 h6 8. Bh4
d6 9. Bd3 Nbd7 10. O-O Bxc3 11. bxc3 Qe7 12. Nd2 g5 13. Bg3 O-O-O 14. f3 h5 15.
Bf2 h4 16. h3 Nh5 17. e4 Nf4 18. Bc2 Nf8 19. Re1 N8g6 20. Nf1 Qd7 21. Ne3 e5
22. Kh2 Kb8 23. Ba4 Bc6 24. Bxc6 Qxc6 25. Rb1 Kc8 26. Rb5 f6 27. Qb1 Kd7 28. c5
dxc5 29. dxc5 Ke7 30. cxb6 Rd2 31. Nd5+ Nxd5 32. exd5 Qe8 33. b7 1-0

[Event "Russia - China 2012"]
[Site "?"]
[Date "2012.07.04"]
[Round "3"]
[White "Wang, Yue"]
[Black "Vitiugov, Nikita"]
[Result "1/2-1/2"]
[WhiteElo "2697"]
[BlackElo "2703"]
[PlyCount "123"]
[EventDate "2012.??.??"]

1. Nf3 d5 2. d4 Nf6 3. c4 e6 4. Nc3 Bb4 5. Bg5 h6 6. Bxf6 Qxf6 7. e3 O-O 8. Qb3
c5 9. cxd5 exd5 10. dxc5 Bxc3+ 11. Qxc3 Qxc3+ 12. bxc3 Be6 13. Nd4 Rc8 14. Kd2
Nd7 15. c6 bxc6 16. Rb1 Nf6 17. f3 Rc7 18. Ba6 Bc8 19. Bd3 c5 20. Ne2 Re7 21.
Rhc1 Bd7 22. Rb7 Rae8 23. Rc7 Rxe3 24. Rxc5 Bf5 25. Bb5 Bd7 26. Ba6 R3e6 27.
Bd3 Rb6 28. Rb1 Rxb1 29. Bxb1 Rb8 30. Bc2 Rb2 31. Ra5 Bf5 32. Nd4 Bxc2 33. Nxc2
Rb7 34. Kd3 h5 35. h4 Rb1 36. Rxa7 Rd1+ 37. Ke2 Rh1 38. a4 Rxh4 39. Nd4 Rh1 40.
a5 Ra1 41. a6 Kh7 42. Ra8 Ra2+ 43. Kf1 Ra1+ 44. Kf2 Ra2+ 45. Ke3 Nd7 46. Nc6
Nb6 47. Nb4 Rxg2 48. Rb8 h4 49. Rxb6 h3 50. a7 h2 51. a8=Q h1=Q 52. Nxd5 Qd1
53. Rh6+ gxh6 54. Nf6+ Kg6 55. Qg8+ Kxf6 56. Qxg2 Qe1+ 57. Kd3 h5 58. f4 h4 59.
Qg5+ Ke6 60. c4 Qf1+ 61. Ke3 Qe1+ 62. Kf3 1/2-1/2

[Event "40th Greek Team Championship 2012"]
[Site "?"]
[Date "2012.07.04"]
[Round "6"]
[White "Caruana, F. ."]
[Black "Kamsky, G. ."]
[Result "1/2-1/2"]
[WhiteElo "2770"]
[BlackElo "2741"]
[PlyCount "87"]
[EventDate "2012.??.??"]

1. Nf3 Nf6 2. c4 c6 3. d4 d5 4. Qb3 e6 5. Bg5 Nbd7 6. Nc3 Qa5 7. cxd5 exd5 8.
e3 Ne4 9. Bd3 Nxg5 10. Nxg5 Be7 11. Nf3 O-O 12. O-O Qd8 13. Qc2 g6 14. a3 a5
15. Rab1 Bd6 16. b4 axb4 17. axb4 Nb6 18. b5 c5 19. dxc5 Bxc5 20. Ra1 Rxa1 21.
Rxa1 Qf6 22. Rd1 Bg4 23. Be2 Rc8 24. Nxd5 Nxd5 25. Rxd5 Bxe3 26. Qe4 Rc1+ 27.
Rd1 Rxd1+ 28. Bxd1 Qa1 29. fxe3 Qxd1+ 30. Kf2 Bxf3 31. Qe8+ Kg7 32. Qe5+ f6 33.
Qe7+ Kh6 34. gxf3 Qd2+ 35. Kf1 Qc1+ 36. Kf2 Qb2+ 37. Ke1 b6 38. Qd6 Qxb5 39.
Qxf6 Qc5 40. Kd2 Qd5+ 41. Kc3 Qc5+ 42. Kd3 Qd5+ 43. Kc3 Qc5+ 44. Kd3 1/2-1/2

[Event "40th Greek Team Championship 2012"]
[Site "?"]
[Date "2012.07.05"]
[Round "7"]
[White "Kamsky, G."]
[Black "Navara, D. ."]
[Result "1/2-1/2"]
[WhiteElo "2741"]
[BlackElo "2706"]
[PlyCount "109"]
[EventDate "2012.??.??"]

1. d4 Nf6 2. Nf3 e6 3. Bg5 h6 4. Bh4 c5 5. e3 b6 6. c3 Bb7 7. Nbd2 Be7 8. Bd3
O-O 9. h3 Nc6 10. a3 d5 11. Qb1 Nd7 12. Bg3 Bf6 13. b4 cxd4 14. cxd4 a6 15. Qb2
Re8 16. Ne5 Bxe5 17. dxe5 d4 18. Nf3 dxe3 19. Rd1 exf2+ 20. Qxf2 Ne7 21. O-O
Rf8 22. Bb1 Rc8 23. Rd4 Bd5 24. Qd2 f5 25. exf6 Nxf6 26. Ne5 Nh5 27. Rxf8+ Qxf8
28. Bf2 Rc7 29. Rh4 Qc8 30. Kh2 Nf6 31. Ng4 Nxg4+ 32. Rxg4 Rc4 33. Rxc4 Bxc4
34. Qd6 Nd5 35. Bxb6 Nxb6 36. Qxb6 Bd5 37. Bd3 Qc3 38. Qb8+ Kf7 39. Qg3 Qc6 40.
Qf2+ Kg8 41. Qg3 Be4 42. Bf1 Qb6 43. Qf4 Bd5 44. Bd3 g5 45. Qe5 Kf7 46. h4 Qf2
47. Qc7+ Kf8 48. Qg3 Qxg3+ 49. Kxg3 gxh4+ 50. Kxh4 a5 51. g3 axb4 52. axb4 Bf3
53. g4 Ke7 54. Kg3 Bd1 55. Be4 1/2-1/2

[Event "Russia - China 2012"]
[Site "?"]
[Date "2012.07.05"]
[Round "4"]
[White "Jakovenko, Dmitry"]
[Black "Li, Chao"]
[Result "1-0"]
[WhiteElo "2736"]
[BlackElo "2687"]
[PlyCount "85"]
[EventDate "2012.??.??"]

1. d4 Nf6 2. c4 g6 3. Nc3 d5 4. Nf3 Bg7 5. Qb3 dxc4 6. Qxc4 O-O 7. e4 b6 8. e5
Be6 9. exf6 Bxc4 10. fxg7 Kxg7 11. Bxc4 c6 12. O-O Nd7 13. Bf4 Nf6 14. Rad1 Qc8
15. Rfe1 Qb7 16. d5 cxd5 17. Nxd5 Rad8 18. Be5 Rd7 19. Bc3 Rfd8 20. Rxe7 Rxe7
21. Bxf6+ Kf8 22. Ng5 Rd6 23. Nxh7+ Ke8 24. h4 b5 25. Bxe7 Qxe7 26. Bxb5+ Kd8
27. Ng5 Qb7 28. Bc4 f5 29. b3 Kc8 30. Nh3 Qg7 31. a4 f4 32. Nhxf4 g5 33. hxg5
Qxg5 34. Rd3 Qe5 35. Re3 Qd4 36. Re8+ Kb7 37. Re7+ Kb8 38. Rh7 a5 39. g3 Qb2
40. Kg2 Qd4 41. Re7 Rh6 42. Nc7 Qc5 43. Re6 1-0

[Event "Russia - China 2012"]
[Site "?"]
[Date "2012.07.05"]
[Round "4"]
[White "Nepomniachtchi, Ian"]
[Black "Wang, Yue"]
[Result "1/2-1/2"]
[WhiteElo "2718"]
[BlackElo "2697"]
[PlyCount "103"]
[EventDate "2012.??.??"]

1. d4 d5 2. c4 c6 3. Nc3 Nf6 4. e3 g6 5. Nf3 Bg7 6. Be2 O-O 7. O-O b6 8. b4 Ne4
9. Bb2 Nxc3 10. Bxc3 Bb7 11. Qb3 Nd7 12. a4 a6 13. Rfc1 e6 14. cxd5 exd5 15.
Ne1 b5 16. Nd3 Re8 17. Ra2 h5 18. Rca1 Rb8 19. axb5 axb5 20. Ra7 Qc7 21. R1a3
Nb6 22. Nc5 Nc8 23. R7a5 Nd6 24. Qa2 Bf8 25. Ra7 Qd8 26. Bf1 Bc8 27. Nd3 Nc4
28. Ne5 Bb7 29. Bxc4 dxc4 30. Qe2 Rxe5 31. dxe5 c5 32. bxc5 Bxc5 33. e6 fxe6
34. Ra1 Bxa7 35. Rxa7 b4 36. Bxb4 Bc6 37. Be1 Qd3 38. Ra2 Rb1 39. f3 Qxe2 40.
Rxe2 c3 41. Kf2 Bb5 42. Bxc3 Bxe2 43. Kxe2 Kf7 44. h4 Rg1 45. Kf2 Rc1 46. Be5
Rc2+ 47. Kf1 Ke8 48. e4 Kd7 49. Bf4 Kc6 50. Bg5 Kb5 51. Bh6 Kc4 52. Bg5 1/2-1/2

[Event "Russia - China 2012"]
[Site "?"]
[Date "2012.07.05"]
[Round "4"]
[White "Yu, Yangyi"]
[Black "Tomashevsky, Evgeny"]
[Result "0-1"]
[WhiteElo "2656"]
[BlackElo "2733"]
[PlyCount "94"]
[EventDate "2012.??.??"]

1. e4 e5 2. Nf3 Nc6 3. Bb5 a6 4. Ba4 Nf6 5. O-O Be7 6. Re1 b5 7. Bb3 O-O 8. h3
Bb7 9. d3 d5 10. exd5 Nxd5 11. Nxe5 Nxe5 12. Rxe5 Qd6 13. Re1 Rae8 14. Nd2 c5
15. Nf3 Bd8 16. Rxe8 Rxe8 17. Bg5 Bc7 18. Bh4 Qg6 19. Bxd5 Bxd5 20. c4 Bc6 21.
cxb5 axb5 22. Kh1 Be5 23. Rc1 Bf4 24. Rxc5 Bxf3 25. gxf3 Qh6 26. Qe2 Rf8 27.
Bg3 Qxh3+ 28. Kg1 Bxg3 29. fxg3 Qxg3+ 30. Kf1 g6 31. Qf2 Qd6 32. Rxb5 Qxd3+ 33.
Qe2 Qb1+ 34. Kg2 Qxa2 35. Re5 Qa4 36. Re4 Qc6 37. b4 Rb8 38. Re5 Kg7 39. b5 Qf6
40. Rd5 h6 41. Qe5 Qxe5 42. Rxe5 Kf6 43. f4 Rc8 44. Re2 Kf5 45. Rb2 Kxf4 46.
Rf2+ Kg5 47. Rxf7 Rb8 0-1

[Event "Russia - China 2012"]
[Site "?"]
[Date "2012.07.06"]
[Round "5"]
[White "Li, Chao"]
[Black "Tomashevsky, Evgeny"]
[Result "1/2-1/2"]
[WhiteElo "2687"]
[BlackElo "2733"]
[PlyCount "62"]
[EventDate "2012.??.??"]

1. d4 d5 2. c4 c6 3. Nf3 Nf6 4. Nc3 a6 5. g3 dxc4 6. Bg2 b5 7. O-O e6 8. Ne5
Bb7 9. b3 cxb3 10. axb3 Be7 11. Bg5 O-O 12. e3 Ra7 13. h4 c5 14. dxc5 Bxg2 15.
Kxg2 Qxd1 16. Rfxd1 Bxc5 17. Nd3 Nbd7 18. Bxf6 gxf6 19. Nxc5 Nxc5 20. b4 Na4
21. Nxa4 bxa4 22. Rxa4 Rb7 23. Rd6 Rfb8 24. Rdxa6 Rxb4 25. Rxb4 Rxb4 26. Ra5 f5
27. Rc5 Ra4 28. Rb5 Rc4 29. Ra5 Rb4 30. Rc5 Ra4 31. Rb5 Rc4 1/2-1/2

[Event "Russia - China 2012"]
[Site "?"]
[Date "2012.07.06"]
[Round "5"]
[White "Wang, Yue"]
[Black "Jakovenko, Dmitry"]
[Result "1/2-1/2"]
[WhiteElo "2697"]
[BlackElo "2736"]
[PlyCount "50"]
[EventDate "2012.??.??"]

1. c4 Nf6 2. Nf3 e6 3. g3 d5 4. Bg2 Be7 5. O-O O-O 6. d4 dxc4 7. Qc2 a6 8. a4
Bd7 9. Qxc4 Bc6 10. Bf4 Bd6 11. Bg5 Nbd7 12. Nc3 h6 13. Bxf6 Nxf6 14. a5 Bd5
15. Qd3 Bxf3 16. Bxf3 c6 17. Qc4 Qe7 18. Rfd1 Rad8 19. e3 g6 20. Bg2 h5 21. h4
Kg7 22. Qb3 Rfe8 23. Bf3 Rf8 24. Bg2 Rfe8 25. Bf3 Rf8 1/2-1/2